logo

Bir Sreshtho Munshi Abdur Rouf Library
Jhenaidah Cadet College

বসুধারা / (Record no. 10811)

MARC details
000 -LEADER
fixed length control field 00689nam a2200217 a 4500
001 - CONTROL NUMBER
JCCL Control Number 10811
003 - CONTROL NUMBER IDENTIFIER
JCCL marc code BD-JhCC
005 - DATE AND TIME OF LATEST TRANSACTION
control field 20190409125130.0
008 - FIXED-LENGTH DATA ELEMENTS--GENERAL INFORMATION
fixed length control field 190409s20022014bg |||| |||| 000 0 ben d
020 ## - INTERNATIONAL STANDARD BOOK NUMBER
International Standard Book Number 9788177562781
035 ## - SYSTEM CONTROL NUMBER
system control number (BD-JhCC)10811
040 ## - CATALOGING SOURCE
Original cataloging agency BD-JhCC
Modifying agency BD-JhCC
041 ## - LANGUAGE CODE
Language code of Book ben
082 ## - DEWEY DECIMAL CLASSIFICATION NUMBER
Classification number 891.443
Author mark and Year MOZ 2014
100 ## - MAIN ENTRY--PERSONAL NAME
Personal name মজুমদার, তিলোত্তমা
245 ## - TITLE STATEMENT
Title বসুধারা /
Statement of responsibility, etc তিলোত্তমা মজুমদার
260 ## - PUBLICATION, DISTRIBUTION, ETC. (IMPRINT)
Place of publication, distribution, etc ভারত :
Name of publisher, distributor, etc আনন্দ পাবলিশার্স,
Date of publication, distribution, etc ২০১৪
300 ## - PHYSICAL DESCRIPTION
Pagination ৪১১ পৃ. :
Dimensions ২১ সেমি.
650 ## - SUBJECT ADDED ENTRY--TOPICAL TERM
Topical term or geographic name as entry element Bengali Novel
942 ## - ADDED ENTRY ELEMENTS (KOHA)
Source of classification or shelving scheme Dewey Decimal Classification
Koha item type Books
Holdings
Source of classification or shelving scheme Damaged status Not for loan Home library Current library Shelving location Date of accession Cost, normal purchase price Total Checkouts Full call number Barcode Date last seen Date checked out Copy number Koha item type
Dewey Decimal Classification     JCC Rouf Library JCC Rouf Library General Stacks 04/09/2019 630.00 1 891.443 MOZ 2014 14684 06/05/2024 06/03/2024 C-1 Books

JCC Library | Contacts | JCC Home

Last Update on 23 September 2017
Copyright @ 2017-2020 JCC Rouf Library
Rouf Library, Jhenidah Cadet College (JCC), Bangladesh